| 000 | 00980nam a2200181 a 4500 | ||
|---|---|---|---|
| 008 | 060710s2005 ||||||||||||||||| || u | ||
| 050 | _aUN-ESCWA(02) | ||
| 110 | _aUnited Nations Economic and Social Commission for Western Asia (ESCWA) | ||
| 245 | 1 | 0 | _aInformation and communication technologies for employment creation and poverty alleviation in selected ESCWA member countries |
| 260 |
_aNew York _bUnited Nations Economic and Social Commission for Western Asia(UN-ESCWA) _c2005 |
||
| 300 | _avii;41p.; ill. | ||
| 350 | _a0.00 | ||
| 490 | _aUnited Nations Economic and Social Commission for Western Asia | ||
| 650 | _aINFORMATION COMMUNICATION TECHNOLOGY--ASIA, WESTERN | ||
| 650 | _aPOVERTY REDUCTION--WESTERN ASIA | ||
| 650 | _aLABOR MARKET POLICY--RESEARCH--EMPLOYMENT CREATION--WESTERN ASIA | ||
| 995 |
_D0.00 _FCBU-MAIN LIBRARY (Kitwe) _H1 _I0.00 _M1 _UAVAILABLE _WJul 10, 2006 _ZInternational Publications |
||
| 999 |
_c46855 _d46855 |
||